ООО САНАК-1. Системный анализ. Автоматический контроль и управление; Приборы и системы. Управление, контроль, диагностика; № 2

التفاصيل البيبلوغرافية
Parent link:Приборы и системы. Управление, контроль, диагностика: научно-технический и производственный журнал.— , 2000-
№ 2.— 2002.— с. 24
المؤلف الرئيسي: Лернер А. С.
اللغة:الروسية
منشور في: 2002
سلاسل:Автоматизированные системы управления
الموضوعات:
التنسيق: MixedMaterials فصل الكتاب
KOHA link:https://koha.lib.tpu.ru/cgi-bin/koha/opac-detail.pl?biblionumber=382401

MARC

LEADER 00000naa2a2200000 4500
001 382401
005 20231101062952.0
035 |a (RuTPU)RU\TPU\prd\6292 
090 |a 382401 
100 |a 20020911a2002 k y0rusy50 ca 
101 0 |a rus 
102 |a RU 
200 1 |a ООО САНАК-1. Системный анализ. Автоматический контроль и управление  |f А. С. Лернер 
225 1 |a Автоматизированные системы управления 
461 1 |0 (RuTPU)RU\TPU\prd\1687  |t Приборы и системы. Управление, контроль, диагностика  |o научно-технический и производственный журнал  |d 2000- 
463 1 |0 (RuTPU)RU\TPU\prd\2451  |t № 2  |v с. 24  |d 2002 
610 1 |a автоматический контроль 
610 1 |a системный анализ 
610 1 |a диспетчерское уравление 
610 1 |a автоматизация 
610 1 |a микропроцессоры 
700 1 |a Лернер  |b А. С. 
801 1 |a RU  |b 63413507  |c 20020911  |g PSBO 
801 2 |a RU  |b 63413507  |c 20121008  |g PSBO 
942 |c BK